|
|
|
|
| LEADER |
00000nam0a2200000 4500 |
| 001 |
249224 |
| 005 |
20231101232445.0 |
| 010 |
|
|
|a 5110006636
|
| 035 |
|
|
|a (RuTPU)RU\TPU\book\271253
|
| 090 |
|
|
|a 249224
|
| 100 |
|
|
|a 20140203d1988 k y0rusy50 ca
|
| 101 |
0 |
|
|a rus
|
| 102 |
|
|
|a UA
|
| 105 |
|
|
|a y z 001zy
|
| 200 |
1 |
|
|a Роль высшей школы в повышении социальной активности тружеников промышленных предприятий
|f под ред. В. Л. Оссовского
|
| 210 |
|
|
|a Харьков
|c Выща школа
|d 1988
|
| 215 |
|
|
|a 228 с.
|
| 320 |
|
|
|a Библиогр.: с. 217-227.
|
| 606 |
1 |
|
|a Педагогика высшей школы
|2 stltpush
|3 (RuTPU)RU\TPU\subj\48417
|9 67288
|
| 610 |
1 |
|
|a высшая школа
|
| 610 |
1 |
|
|a промышленные предприятия
|
| 610 |
1 |
|
|a социальная активность
|
| 610 |
1 |
|
|a социализм
|
| 610 |
1 |
|
|a труд
|
| 610 |
1 |
|
|a наука
|
| 610 |
1 |
|
|a социалистические преобразования
|
| 610 |
1 |
|
|a трудовые коллективы
|
| 686 |
|
|
|a Ч481
|v LBC/SL-A
|2 rubbk
|
| 702 |
|
1 |
|a Оссовский
|b В. Л.
|4 340
|
| 801 |
|
1 |
|a RU
|b 63413507
|c 20140203
|
| 801 |
|
2 |
|a RU
|b 63413507
|c 20161202
|g RCR
|
| 942 |
|
|
|c BK
|